Central Library OPAC University of Rajshahi

College chemistry : (Record no. 9884)

MARC details
000 -LEADER
fixed length control field 00832cam a22002531 4500
001 - CONTROL NUMBER
control field 9884
003 - CONTROL NUMBER IDENTIFIER
rucl marc code BD-RjUL
005 - DATE AND TIME OF LATEST TRANSACTION
control field 20211208234845.0
008 - FIXED-LENGTH DATA ELEMENTS--GENERAL INFORMATION
fixed length control field 140122r1955 xx 001 0 eng
035 ## - SYSTEM CONTROL NUMBER
System control number (BD-RjUL)9929
System control number (OCoLC)3177361
040 ## - CATALOGING SOURCE
Original cataloging agency DLC
Transcribing agency OC
Modifying agency DLC
-- BD-RjUL
Language of cataloging eng
041 ## - LANGUAGE CODE
Language code of text/sound track or separate title eng
082 ## - DEWEY DECIMAL CLASSIFICATION NUMBER
Classification number 540
Author mark and year SIC 1955
100 1# - MAIN ENTRY--PERSONAL NAME
Personal name Sisler, Harry Hall,
Dates associated with a name 1917-
9 (RLIN) 30520
245 10 - TITLE STATEMENT
Title College chemistry :
Remainder of title a systematic approach /
Statement of responsibility, etc. Harry H. Sisler, Calvin A. Vander Werf, and Arthur W. Davidson.
260 ## - PUBLICATION, DISTRIBUTION, ETC. (IMPRINT)
Place of publication, distribution, etc. New York :
Name of publisher, distributor, etc. Macmillan,
Date of publication, distribution, etc. c1953 [printing 1956].
300 ## - PHYSICAL DESCRIPTION
Pagination x, 623 p. :
Illustrations ill. ;
Size 23 cm.
500 ## - GENERAL NOTE
General note "Some of the material ... is from [the authors'] General chemistry--a systematic approach."
504 ## - BIBLIOGRAPHY, ETC. NOTE
Bibliography, etc Includes index.
650 #0 - SUBJECT ADDED ENTRY--TOPICAL TERM
Topical term or geographic name as entry element Chemistry.
9 (RLIN) 30541
942 ## - ADDED ENTRY ELEMENTS (KOHA)
Source of classification or shelving scheme Dewey Decimal Classification
Koha item type Books
Holdings
Lost status Source of classification or shelving scheme Damaged status Not for loan Collection code Permanent Location Current Location Shelving location Date acquired Source of acquisition Total Checkouts Full call number Date last seen Copy number Koha item type Cost, normal purchase price
  Dewey Decimal Classification     Non-fiction Central Library, University of Rajshahi Central Library, University of Rajshahi   17/08/1962 Asia Foundation   540 SIC 1955 22/01/2014 C-10 Books  
  Dewey Decimal Classification   Not For Loan Non-fiction Central Library, University of Rajshahi Central Library, University of Rajshahi Reading Room 19/08/1962 Asia Foundation   540 SIC 1956 14/05/2017 C-1 Books 0.00
  Dewey Decimal Classification     Non-fiction Central Library, University of Rajshahi Central Library, University of Rajshahi   17/08/1962 Asia Foundation   540 SIC 1956 15/05/2017 C-3 Books  
  Dewey Decimal Classification     Non-fiction Central Library, University of Rajshahi Central Library, University of Rajshahi   17/08/1962 Asia Foundation   540 SIC 1956 15/05/2017 C-2 Books  
  Dewey Decimal Classification     Non-fiction Central Library, University of Rajshahi Central Library, University of Rajshahi   05/11/1963 Asia Foundation   540 SIC 1956 15/05/2017 C-4 Books  
  Dewey Decimal Classification     Non-fiction Central Library, University of Rajshahi Central Library, University of Rajshahi   05/11/1963 Asia Foundation   540 SIC 1956 15/05/2017 C-5 Books  
  Dewey Decimal Classification     Non-fiction Central Library, University of Rajshahi Central Library, University of Rajshahi   17/08/1962 Asia Foundation   540 SIC 1953 15/05/2017 C-6 Books 0.00
  Dewey Decimal Classification     Non-fiction Central Library, University of Rajshahi Central Library, University of Rajshahi   05/11/1963 Asia Foundation   540 SIC 1956 15/05/2017 C-7 Books 0.00
  Dewey Decimal Classification     Non-fiction Central Library, University of Rajshahi Central Library, University of Rajshahi   17/08/1962 Asia Foundation   540 SIC 1953 15/05/2017 C-8 Books 0.00
  Dewey Decimal Classification     Non-fiction Central Library, University of Rajshahi Central Library, University of Rajshahi   17/08/1962 Asia Foundation   540 SIC 1956 15/05/2017 C-9 Books 0.00
  Dewey Decimal Classification     Non-fiction Central Library, University of Rajshahi Central Library, University of Rajshahi   05/11/1963 Asia foundation   540 SIC 1956 13/12/2018 C-11 Books